| 000 | 00635nam a2200253Ia 4500 | ||
|---|---|---|---|
| 005 | 20250425162136.0 | ||
| 008 | 250425s9999 xx 000 0 und d | ||
| 020 | _a1589062361 | ||
| 041 | _aeng | ||
| 082 | _a332.042 | ||
| 100 | _aINTERNATIONAL, MONETARY FUN | ||
| 245 | 0 | _aGLOBAL FINANCIAL STABILITY REPORT | |
| 250 | _aS.E. | ||
| 260 |
_aEstados Unidos _bINTERNATIONAL MONETARY FUND _c2003 |
||
| 260 | _aWASHINGTON | ||
| 300 | _a176 | ||
| 500 | _aSEPTEMBER | ||
| 650 | _aCAPITAL | ||
| 650 | _aFINANZAS | ||
| 650 | _aMERCADOS FINANCIEROS | ||
| 710 | _aINTERNATIONAL MONETARY FUND | ||
| 942 | _c01 | ||
| 010 | _a52757 | ||
| 999 |
_c223173 _d223173 |
||